000 00595nam a22001457a 4500
020 _a978-0-099-11151-1
082 _a823
_bHAR/R
100 _aHARRIS, THOMAS
245 _aRED DRAGON
260 _aLONDON
_bARROW BOOKS
300 _a421
520 _aRed Dragon is a 1986 crime novel by Thomas Harris. The story follows the psychological profiler Will Graham, who comes out of retirement to track down a serial killer. The novel is famous for introducing the character of Hannibal Lecter, who would play an expanded role in the novel's sequels.
650 _aNOVEL,ENGLISH
_zLONDON
942 _cBK
999 _c2409
_d2409